| 000 | 00752nam a22002417a 4500 | ||
|---|---|---|---|
| 003 | DO-SdBPM | ||
| 005 | 20250131124214.0 | ||
| 008 | 180220b dr || 00| 0 spa d | ||
| 020 | _a9789945171228 | ||
| 040 |
_a DO-SdBPM _bspa _cBPMSU |
||
| 082 | 4 |
_aRD863.44 _bC822j 2012 _222 |
|
| 100 |
_aCoronado, Dinorah _d1952- |
||
| 245 | 1 | 0 |
_aJuanito y su robot / _cDinorah Coronado, ilustrador Henry Cid |
| 260 |
_aSanto Domingo: _bSM, _c2012 |
||
| 300 |
_a101 p. : _bils. ; _c20 cm |
||
| 490 | 0 | _3El barco de vapor | |
| 650 | 4 | _aCuentos infantiles dominicanos | |
| 650 | 4 |
_aRobot _vCuentos infantiles |
|
| 650 | 4 | _aLiteratura infantil dominicana | |
| 700 | 1 |
_aCid, Henry _eilustración |
|
| 910 | _aVMateo V. Control de calidad. BPMSU | ||
| 942 |
_2ddc _cBK |
||
| 999 |
_c13314 _d13314 |
||